• 首页
  • 本馆介绍
  • 公告通知
  • 最新文献
  • 馆藏检索
  • 电子资源
  • 读者导购
  • 参考咨询
  • 我的图书馆
  • 登录
  • 详细信息显示
  • 放入我的书架
  • 预约/预借图书
  • 作者相关作品
  • 分类相关作品
  • 丛书相关作品
  • 出版社相关作品

书目信息

  • 表格格式
  • 工作单格式
  • 卡片格式
题名:
固体量子理论
    
 
作者: 卡拉韦 , Callaway 著 ;王以铭 , 杨顺华 译
分册: 上册  
出版信息: 北京   科学出版社  1984
页数: 375页
开本: 21cm
丛书名:
单 册:
中图分类: O413 , O48
科图分类:
主题词: 量子论-固体理论 , 固体理论-量子论 , 固体物理学
电子资源:
ISBN:
000 00969nam0 2200337 45
001 0184002620
005 20040629112152.0
010    @dCNY2.25
091    @a13031.2660
100    @a19950623d1984 em y0chiy0121 ea
101 1  @achi@ceng
102    @aCN@b110000
105    @ay z000yy
106    @ar
200 10 @a固体量子理论@h上册@Agu ti liang zi li lun@f(美)卡拉威(J.Callaway)著@g王以铭,杨顺华译
210    @a北京@c科学出版社@d1984
215    @a375页@d21cm
300    @a书名原文:Quantum theory of the soild State
510 1  @aQuantum theory of the soild State@zeng
606    @a量子论-固体理论
606    @a固体理论-量子论
606 0  @a固体物理学
690    @aO413@v3
690    @aO48
701  1 @a卡拉韦@Aka la wei@bJ.@4著
701 A1 @aCallaway@bJ.@4著
702  0 @a王以铭@Awang yi ming@4译
702  0 @a杨顺华@Ayang shun hua@4译
801  0 @aCN@b上海图书馆@c20040629
801  2 @aCN@bNLC@c20040629
905    @f1@b129739@dO48@e18:1
    
    固体量子理论.上册/(美)卡拉威(J.Callaway)著/王以铭,杨顺华译.-北京:科学出版社,1984
    375页;21cm
    书名原文:Quantum theory of the soild State
    
    ISBN :CNY2.25
    
●
相关链接 在E读中查询图书 在五车中查询图书 在当当中查询图书 在豆瓣中查询图书


正题名:固体量子理论     索取号:O48/18:1         预约/预借

序号 登录号 条形码 馆藏地/架位号 状态 备注
1 0129739   001931850   第三借阅区/ [索取号:O48/18:1] 在馆    
2 0129740   202121266   第二样本阅览室/ [索取号:O48/18:1] 在馆    
唐山师范学院图书馆 欢迎您!
大连网信软件有限公司© 版权所有